Perspectives in life cycle impact assessment : a structured approach to combine models of the technosphere, ecosphere, and valuesphere /

Guardado en:
Autor Principal: Hofstetter, Patrick, 1965-
Formato: Libro
Idioma:English
Publicado: Boston : Kluwer Academic, c1998.
Materias:
Etiquetas: Agregar Etiqueta
Sin Etiquetas, Sea el primero en etiquetar este registro!
LEADER 00936cam a22002295a 4500
001 EIQ.libpla002939
008 980917s1998####maua#####b####001#0#eng#d
005 20070920154602.0
245 1 0 |a Perspectives in life cycle impact assessment :  |b a structured approach to combine models of the technosphere, ecosphere, and valuesphere /  |c by Patrick Hofstetter. 
260 |a Boston :  |b Kluwer Academic,  |c c1998. 
300 |a xix, 484 p. :  |b il. ;  |c 25 cm. 
504 |a Incluye referencias bibliográficas (p. [447]-480) e índice. 
020 |a 079238377X (alk. paper) 
100 1 |a Hofstetter, Patrick,  |d 1965- 
082 0 0 |a 333.7/14  |2 21 
650 4 |a Ciclo vital humano  |x Aspectos ambientales. 
650 4 |a Riesgo ambiental  |x Gravamen. 
650 4 |a Environmental risk  |x Assessment. 
650 0 |a Life cycle, Human  |x Environmental aspects. 
010 |a  98046060  
040 |a DLC  |c DLC  |d AR-BbSID 
859 |a AR-BbSID  |b BIB. PLAPIQUI  |h 333.714  |i H 677  |p 5696